Electrical Circuit Analysis (Including Passive Network Synthesis) (Record no. 28224)

MARC details
000 -LEADER
fixed length control field 00448nam a22001817a 4500
003 - CONTROL NUMBER IDENTIFIER
control field OSt
005 - DATE AND TIME OF LATEST TRANSACTION
control field 20220127152044.0
008 - FIXED-LENGTH DATA ELEMENTS--GENERAL INFORMATION
fixed length control field 220127b |||||||| |||| 00| 0 eng d
020 ## - INTERNATIONAL STANDARD BOOK NUMBER
International Standard Book Number 812241852X
040 ## - CATALOGING SOURCE
Transcribing agency HU
082 ## - DEWEY DECIMAL CLASSIFICATION NUMBER
Classification number 621.3192
100 ## - MAIN ENTRY--PERSONAL NAME
Personal name Wadhwa CL
9 (RLIN) 28930
245 ## - TITLE STATEMENT
Title Electrical Circuit Analysis (Including Passive Network Synthesis)
250 ## - EDITION STATEMENT
Edition statement 2ed
260 ## - PUBLICATION, DISTRIBUTION, ETC.
Place of publication, distribution, etc. New Delhi
Name of publisher, distributor, etc. New Delhi
300 ## - PHYSICAL DESCRIPTION
Type of unit 719
942 ## - ADDED ENTRY ELEMENTS (KOHA)
Source of classification or shelving scheme Dewey Decimal Classification
Koha item type Books like text book referance book
Suppress in OPAC No
Holdings
Withdrawn status Lost status Source of classification or shelving scheme Damaged status Not for loan Home library Current library Shelving location Date acquired Total Checkouts Full call number Barcode Date last seen Copy number Price effective from Koha item type
    Dewey Decimal Classification     IoT Library IoT Library General Stacks 01/27/2022   621.3192/WAD/2006 IOTL0007970 01/27/2022 1 01/27/2022 Books like text book referance book